Effect of histaminase treatment on histamine and anaphylactic shock in guinea pigs

In guinea pigs, the intravenous injection of histaminase 15 minutes before the intraabdominal injection of 4 mgm. of histamine prevented in most instances the symptoms of histamineshock. Of 10 control animals, all showed marked symptoms within 5 to 7 minutes and 7 animals died shortly after. Of the...

Teljes leírás

Elmentve itt :
Bibliográfiai részletek
Szerzők: Karády Sándor
Browne J. S. L.
Dokumentumtípus: Könyv része
Megjelent: 1941
Sorozat:Közlemények a szegedi kir. magy. Ferencz József-Tudományegyetem belgyógyászati klinikájáról
Közlemények a szegedi kir. magy. Ferencz József-Tudományegyetem belgyógyászati klinikájáról 1940-1941
Kulcsszavak:Állatkísérletek, Tengeri malac, Allergia - hisztamin, Anafilaxia, Immunológia
Tárgyszavak:
Online Access:http://acta.bibl.u-szeged.hu/54212
LEADER 02030naa a2200229 i 4500
001 acta54212
005 20220107091933.0
008 180627s1941 hu o 0|| eng d
040 |a SZTE Egyetemi Kiadványok Repozitórium  |b hun 
041 |a eng 
100 1 |a Karády Sándor 
245 1 0 |a Effect of histaminase treatment on histamine and anaphylactic shock in guinea pigs  |h [elektronikus dokumentum] /  |c  Karády Sándor 
260 |c 1941 
300 |a 1-6 
490 0 |a Közlemények a szegedi kir. magy. Ferencz József-Tudományegyetem belgyógyászati klinikájáról 
490 0 |a Közlemények a szegedi kir. magy. Ferencz József-Tudományegyetem belgyógyászati klinikájáról 1940-1941 
520 3 |a In guinea pigs, the intravenous injection of histaminase 15 minutes before the intraabdominal injection of 4 mgm. of histamine prevented in most instances the symptoms of histamineshock. Of 10 control animals, all showed marked symptoms within 5 to 7 minutes and 7 animals died shortly after. Of the 20 animals pretreated with histaminase, 6 showed slight symptoms after 15 minutes, which disappeared in a few minutes in all but 2 animais that died 55 minutes after the injection of the histamine. 2. Histaminase given intravenously 15 minutes before the administration of egg-white intruabdominally to previously sensitized guinea pigs prevented an anaphylactic shock completely in 15 out of 20 animals. The other 5 guinea, pigs showed only very slight symptoms beginning 20 minutes after the injection of egg-white and lasting for a few minutes. Of the 10 control animals all showed severe anaphylactic shock developing within 5 to 10 minutes and 4 animals died 10 to 14 minutes after the injection of the egg-white. 
650 4 |a Orvos- és egészségtudomány 
650 4 |a Klinikai orvostan 
695 |a Állatkísérletek, Tengeri malac, Allergia - hisztamin, Anafilaxia, Immunológia 
700 0 1 |a Browne J. S. L.  |e aut 
856 4 0 |u http://acta.bibl.u-szeged.hu/54212/1/kozl_belgy_40_41_001-006b.pdf  |z Dokumentum-elérés